The Marketing challenge..

Bibliographic Details
Main Author: Mazur
Other Authors: Hogg,
Format: Book
Published: Wokingham: Addison-Wesley, 1993.
Subjects:
LEADER 00477cam a2200181 7i4500
001 0000004133
005 19991025090000.0
002 ##000005583
020 0 0 |a 0-201-63191-1  
090 0 0 |a B 658.8   |b MAZ 
100 1 0 |a Mazur  
245 0 0 |a The Marketing challenge.. 
260 0 0 |a Wokingham:   |b Addison-Wesley,   |c 1993. 
300 0 0 |a 298 p.. 
650 0 0 |a Marketing --   |x Management  
651 0 0 |a Europe  
700 1 1 |a Hogg,   |h Annik  
999 |a 0000006265  |b Book  |c Open shelf  |e Business Information Centre